Digitálne verejné priestory a digitálna priepasť

Index digitálnej ekonomiky a spoločnosti. Hodnotenie krajín Európskej únie podľa Indexu digitálnej ekonomiky a spoločnosti. Digitálne verejné priestory.

Salvato in:
Dettagli Bibliografici
Autore principale: Hudák, Matej, 1984-
Natura: Capitolo di libro
Lingua:slovacco
Soggetti:
Tags: Aggiungi Tag
Nessun Tag, puoi essere il primo ad aggiungerne!!

MARC

LEADER 00000nla a2200000 4500
001 0238930
005 20250721121001.1
041 0 |a slo 
044 |a SK 
245 1 0 |a Digitálne verejné priestory a digitálna priepasť  |c Matej Hudák 
520 |a Index digitálnej ekonomiky a spoločnosti. Hodnotenie krajín Európskej únie podľa Indexu digitálnej ekonomiky a spoločnosti. Digitálne verejné priestory. 
610 2 0 |a technológie informačné 
610 2 0 |a technológie komunikačné 
610 2 0 |a digitalizácia 
610 2 0 |a priepasť digitálna 
610 2 0 |a služby elektronické 
610 2 0 |a Európska únia 
100 1 |a Hudák, Matej, 1984-